000 00398nam a2200169Ia 4500
005 20250423101529.0
008 250422s9999 xx 000 0 und d
020 _a0- 9678059- 3- 7
050 _aPR 9387 .W54/
100 _a Wiese, Kim Pearson
245 0 _aThough I speak
260 _bPleasant Valley Publication
260 _c2001
300 _a260 p
650 _aReligion
942 _cBK
999 _c36560
_d36560